Statistiques concernant Gares les plus fréquentées en Pays-de-la-Loire

Cliquez ici pour prendre le quiz!

Statistiques générales

  • Ce quiz a été pris 146 fois
    (36 depuis la dernière actualisation)
  • Le résultat moyen est 9 sur 12

Statistiques - réponses

Voyageurs (2017) Gare % Correct
4,817,000Le Mans
100%
5,392,000Angers Saint-Laud
100%
11,068,000Nantes
100%
913,000Saint-Nazaire
92%
1,292,000Laval
92%
883,000La Roche-sur-Yon
83%
540,000Cholet
67%
687,000Saumur Rive Droite
63%
564,000Sablé-sur-Sarthe
54%
962,000Ancenis
54%
841,000Clisson
38%
504,000Savenay
21%

Distribution des résultats

Percentile by Number Answered

% des personnes avec chaque résultat

Votre développement - résultats

Vous n’avez pas pris ce quiz depuis la dernière actualisation